Statistics for Kings of Prussia and the German Empire

Click here to take the quiz!

General Stats

  • This quiz has been taken 386 times
  • The average score is 8 of 14

Answer Stats

Years in PowerKing% Correct
1861-1888William I
94%
1888-1918William II
93%
1688-1701Frederick I
82%
1740-1768Frederick II
81%
1888Frederick III
76%
1640-1688Frederick William
63%
1713-1740Frederick William I
56%
1786-1797Frederick WIlliam II
56%
1797-1840Frederick William III
53%
1840-1861Frederick William IV
52%
1525-1568Albert
29%
1618-1619John Sigismund
24%
1619-1640George William
18%
1568-1618Albert Frederick
13%

Score Distribution

Percentile by Number Answered

Percent of People with Each Score

Your Score History

You have not taken this quiz